| 000 | 00673nam a2200229 4500 | ||
|---|---|---|---|
| 001 | 26522 | ||
| 005 | 20220405165147.0 | ||
| 090 | _a26522 | ||
| 100 | _a20040513d1977 em y0pory5003 ba | ||
| 304 | _aTít. orig. : Discours de la méthode | ||
| 102 | _aPT | ||
| 101 | 1 |
_apor _cfre |
|
| 930 | _lBE/CRE | ||
| 675 |
_a1 _vmed _zpor |
||
| 702 | 1 |
_aMelro _bFernando _4730 |
|
| 700 | 1 |
_aDescartes _bRené _f1596-1650 |
|
| 999 | _aPublicaçöes Europa-América | ||
| 200 | 1 |
_aDiscurso do método _etexto integral _fDescartes _gtrad. Fernando Melro |
|
| 215 |
_a120 p. _d18 cm |
||
| 210 |
_a[Mem Martins] _cEuropa-América _dimp. 1977 |
||
| 225 | 2 |
_aLivros de bolso Europa-América _v149 |
|
| 990 | _cLIVROS | ||